000 01169nam a2200325 i 4500
003 EG-GICUC
005 20260424143705.0
008 260424s1990 be ||||f |||| 00| 0 fre d
020 _a2802705059
040 _aEG-GiCUC
_bfre
_cEG-GiCUC
_dEG-GiCUC
_eRda
041 _afre
082 0 4 _221
_a343.6
_bPR . C
092 0 4 _221
099 _aLaw110 343.6 PR . C 1990 1010675 C1
100 1 _aPrins, Adolphe
_eAuteur
245 1 0 _aCent Ans De Criminologie À L'u.l.b /
_cPar Adolphe Prins ; Sous La Direction De Pierre Van Der Vorst ; Et De Philippe Mary.
264 1 _aBruxelles :
_bEtablissements Emile Bruylant, S.a,
_c1990.
300 _a328 pages ;
_c24 cm.
336 _2rda contenu
_a texte
337 _2rda medias
_aOrdinateur
338 _2 transporteur rda
_a Ressource en ligne
500 _aÉcole Des Sciences Criminologiques Léon Cornil Faculté De Droit De L'université Libre De Bruxelles
546 _aTexte en français
650 1 4 _aCriminologie
650 1 4 _aDroit pénal
651 1 _aRomânia
_xLegi și legislație
_2qrmak
856 4 0 _uhttps://fll.law.cu.edu.eg/fulltext/bks/B10-10675.pdf
905 _a164
942 _2ddc
_n0
_cBK
_e21
999 _c73278
_d73278